|
|
|
|
| LEADER |
00000nab a2200000 a 4500 |
| 001 |
vtls000743503 |
| 003 |
SK-MaSNL |
| 005 |
20260304115329.0 |
| 008 |
250429c2000 xo 0 slo |
| 015 |
|
|
|a SNBRB2001/01-00367
|
| 035 |
|
|
|a CLN000095340
|
| 035 |
|
|
|a urn:nbn:sk:snk-abkps
|
| 035 |
|
|
|a (urnnbn)urn:nbn:sk:snk:ar-a03qzj
|
| 035 |
|
|
|a (uuid)20ad1358-61c9-48f0-87d0-242c59317646
|
| 040 |
|
|
|a SNKBUCL
|b slo
|c SNKBUCL
|e AACR2
|
| 041 |
0 |
|
|a eng
|
| 044 |
|
|
|a xo
|c SK
|
| 080 |
|
|
|a 681.3.05:621.39:519.72
|2 1997
|
| 080 |
|
|
|a 621.39
|2 1997
|
| 080 |
|
|
|a 519.72
|2 1997
|
| 100 |
1 |
|
|a Lukáč, Rastislav
|4 aut
|9 298148
|
| 245 |
1 |
0 |
|a Boolean LUM smoother
|c Rastislav Lukáč
|
| 300 |
|
|
|b Sch., tab.
|
| 504 |
|
|
|a Res. angl.
|
| 504 |
|
|
|a Bibliogr. odkazy
|
| 504 |
|
|
|a Biogr. údaje
|
| 650 |
0 |
7 |
|a filtre vyhladzovacie LUM
|x funkcie boolovské
|2 snkbucl
|9 1421688
|
| 650 |
0 |
7 |
|a spracovanie signálov
|2 snkbucl
|9 3973
|
| 655 |
|
7 |
|a články z novín a časopisov
|2 snkbucl
|9 267496
|
| 773 |
0 |
|
|t Journal of electrical engineering
|g Roč. 51, č. 9-10 (2000), s. 264-268
|x 1335-3632
|
| 850 |
|
|
|a Slovenská národná knižnica
|
| 852 |
|
|
|a Slovenská národná knižnica
|
| 958 |
|
|
|a article27
|
| 958 |
|
|
|a NB
|
| 958 |
|
|
|a OND
|
| 958 |
|
|
|a EUIPO
|
| 999 |
|
|
|c 2875613
|d 2877543
|